Ensenyaments per a obrers / Escola Elemental del Treball
Descripción Física:
30 p. ; 12 cm
Materias:
Escola Elemental del Treball (Barcelona)
MARC
| LEADER | 00000nam a2200000Ia 4500 | ||
|---|---|---|---|
| 001 | 17997 | ||
| 008 | 160829s9999 xx 000 0 cat d | ||
| 080 | |a RF-2-37 | ||
| 100 | |a Escola Elemental del Treball (Barcelona) |9 55345 | ||
| 245 | |a Ensenyaments per a obrers / Escola Elemental del Treball | ||
| 260 | |a Barcelona : |b Diputació de Barcelona, [1919?] | ||
| 300 | |a 30 p. ; |c 12 cm | ||
| 590 | |a Prové de 3422. | ||
| 590 | |a A la coberta: l'Escola Elemental del Treball és l'Universitat del Poble | ||
| 650 | |a Escola Elemental del Treball (Barcelona) |9 55345 | ||
| 710 | 1 | |a Barcelona (Catalunya : Província). |b Diputació |9 52408 | |
| 856 | 4 | |u https://media.diba.cat/diba/fitxers/arxiu/fulletons/bib_17997_1919_baixa.pdf |y Accés lliure | |
| 856 | 4 | |u https://media.diba.cat/diba/fitxers/arxiu/fulletons/bib_17997_1919_baixa.pdf |y Accés lliure | |
| 901 | |a Arxiu | ||
| 942 | |n 1 |2 udc | ||
| 952 | |0 0 |1 0 |4 0 |6 RF237 |7 1 |9 53370 |a Arxiu |b Arxiu |d 2016-12-01 |l 0 |o RF-2-37 |p 17997 |r 2016-12-01 00:00:00 |w 2016-12-01 |y ARXIU | ||
| 999 | |c 57235 |d 57235 | ||
| 900 | |a bib_17997_1919_baixa.pdf | ||